000 00675nam a2200205 i 4500
001 36883
003 ES-MaACL
005 20250801201856.0
007 t|
008 030219s1966 sp ||||1| spa d
100 1 _aBouyer, Louis (
_d1913-2004)
_931095
245 1 0 _aPalabra, Iglesia y sacramentos en el Protestantismo y el Catolicismo /
_cpor Louis Bouyer.
260 _aBilbao :
_bDesclée de Brouwer,
_c1966.
300 _a89 p. ;
_c19 cm.
490 1 _aBiblioteca de Estudios Pastorales ;
_v36
650 0 7 _aTeología
_2embne
_917457
830 0 _aBiblioteca de Estudios Pastorales ;
_v36
_9181669
852 _aES-MaACL
_jC-29129
_bR.59626
999 _c36883
_d36883